How many colors can you name in under 60 seconds? - Statistics

General Stats
  • This quiz has been taken 21 times
  • The average score is 16 of 60
Answer Stats
Color % Correct
Red
100%
Yellow
95%
Blue
89%
Purple
89%
Brown
84%
Gray
84%
Green
84%
Orange
84%
Pink
84%
Maroon
63%
Black
58%
Violet
47%
White
47%
Navy
42%
Indigo
37%
Teal
37%
Aqua
32%
Crimson
32%
Beige
26%
Cyan
26%
Gold
26%
Magenta
26%
Scarlet
26%
Tan
26%
Lavender
21%
Peach
21%
Sky
21%
Turquoise
16%
Canary
11%
Coral
11%
Cream
11%
Emerald
11%
Forest
11%
Fuchsia
11%
Lime
11%
Rose
11%
Salmon
11%
Apricot
5%
Aquamarine
5%
Azure
5%
Charcoal
5%
Chocolate
5%
Ivory
5%
Khaki
5%
Lemon
5%
Lilac
5%
Mustard
5%
Royal
5%
Tangerine
5%
Cerulean
0%
Cherry
0%
Hot Pink
0%
Mint
0%
Olive
0%
Plum
0%
Ruby
0%
Rust
0%
Sapphire
0%
Slate
0%
Umber
0%
No matching quizzes found
Score Distribution
Percent of People with Each Score
Percentile by Number Answered
Your Score History
You have not taken this quiz